[Event "61st World Juniors 2024"]
[Site "Gandhinagar IND"]
[Date "2024.06.13"]
[Round "11.53"]
[White "Jyotshnav Talukdar"]
[Black "Vihaan Karthikeya N"]
[Result "1/2-1/2"]
[WhiteElo "1898"]
[BlackElo "1936"]
[WhiteFideId "25924370"]
[BlackFideId "25950673"]
[EventDate "2024.06.02"]

1. d4 d5 2. Nf3 e6 3. Bf4 Bd6 4. Bg3 Nf6 5. e3 O-O 6. Nbd2 c5 7. c3 Qc7 8. Bd3
Nbd7 9. O-O e5 10. e4 exd4 11. cxd4 Bxg3 12. hxg3 dxe4 13. Bxe4 cxd4 14. Rc1 Qb6
15. Nc4 Qb5 16. Nxd4 Qg5 17. Bf3 Ne5 18. Nxe5 Qxe5 19. Re1 Qg5 20. Rc7 Bg4 21.
Qc1 Qa5 22. Ree7 Rad8 23. Qc4 Bxf3 24. gxf3 Qd5 25. Qxd5 Nxd5 26. Ne6 Nxc7 27.
Nxd8 Rxd8 28. Rxc7 Rb8 29. Kg2 g6 30. b4 a6 31. g4 Kg7 32. g5 b5 33. Rc6 Ra8 34.
Rb6 a5 35. a3 axb4 36. axb4 Ra3 37. Rxb5 Rb3 38. Rb7 h6 39. gxh6+ Kxh6 40. Rxf7
Rxb4 41. Kg3 g5 42. Rf6+ Kg7 43. Rc6 Ra4 44. Re6 Rb4 45. Re4 Rb1 46. Ra4 Kf6 47.
Ra6+ Kf5 48. Ra5+ Kf6 49. f4 gxf4+ 50. Kxf4 Rb4+ 51. Kg3 Re4 52. f4 Re1 53. Ra6+
Kf5 54. Ra5+ Kf6 55. Kg4 Rg1+ 56. Kf3 Rf1+ 57. Kg3 Rc1 1/2-1/2

[Event "61st World Juniors 2024"]
[Site "Gandhinagar IND"]
[Date "2024.06.13"]
[Round "11.54"]
[White "Eugen Mehul Shah"]
[Black "Borkhetariya Devarsh M"]
[Result "0-1"]
[WhiteElo "1744"]
[BlackElo "1864"]
[WhiteFideId "33444552"]
[BlackFideId "25777033"]
[EventDate "2024.06.02"]

1. d4 Nf6 2. c4 c5 3. Nf3 cxd4 4. Nxd4 b6 5. Nc3 Bb7 6. e3 g6 7. Nf3 Bg7 8. Be2
O-O 9. O-O d6 10. Qc2 Nbd7 11. Rd1 Rc8 12. e4 b5 13. e5 Ne8 14. e6 fxe6 15. Ng5
Qb6 16. Be3 Qc6 17. Bf3 Rxf3 18. cxb5 Qxb5 19. Nxb5 Rxc2 20. gxf3 Bxb2 21. Rab1
Bd5 22. Rd2 Rxd2 23. Bxd2 Bf6 24. Nxa7 Ne5 25. Kf1 Bxg5 26. Bxg5 Nxf3 27. Rb8
Kf7 28. h4 Bxa2 29. Nc6 Bc4+ 30. Kg2 Nxg5 31. Nd8+ Kf6 32. hxg5+ Kxg5 33. Nxe6+
Bxe6 34. Rxe8 Kf6 35. f4 Bf7 36. Rd8 d5 37. Kf3 e5 38. fxe5+ Kxe5 39. Kg4 Kf6
40. Rd6+ Be6+ 41. Kf3 h5 42. Rd8 g5 43. Rh8 h4 44. Ke3 Ke5 45. Rh5 Kf5 46. Kd4
Kf4 47. Rh6 Bf5 48. Kxd5 h3 49. Kd4 Kg3 50. Rh5 h2 51. Ke5 Bc8 52. Rh8 Bb7 53.
Kf5 h1=Q 54. Rxh1 Bxh1 0-1

[Event "61st World Juniors 2024"]
[Site "Gandhinagar IND"]
[Date "2024.06.13"]
[Round "11.55"]
[White "Alhejab, Meshal"]
[Black "BRUGETTE, Romain"]
[Result "1-0"]
[WhiteElo "1837"]
[BlackElo "1655"]
[WhiteFideId "10302603"]
[BlackFideId "9700676"]
[EventDate "2024.06.02"]

1. e4 c6 2. d4 d5 3. Nc3 dxe4 4. Nxe4 Bf5 5. Ng3 Bg6 6. Nf3 e6 7. h4 h6 8. Ne5
Bh7 9. Bd3 Bxd3 10. Qxd3 Nf6 11. O-O Be7 12. c4 Nbd7 13. Qe2 Nxe5 14. dxe5 Nd7
15. h5 Qc7 16. f4 Bc5+ 17. Kh2 O-O-O 18. Bd2 Bd4 19. Be3 Nc5 20. Bxd4 Rxd4 21.
b4 Nd3 22. Qe3 Rhd8 23. Rad1 c5 24. bxc5 Qxc5 25. Rxd3 1-0

[Event "61st World Juniors 2024"]
[Site "Gandhinagar IND"]
[Date "2024.06.13"]
[Round "11.56"]
[White "Boricha Yohan"]
[Black "De Maupeou D'ableiges, Alexandre"]
[Result "1-0"]
[WhiteElo "1811"]
[BlackElo "1831"]
[WhiteFideId "46672923"]
[BlackFideId "4313585"]
[EventDate "2024.06.02"]

1. e4 c5 2. Nf3 Nc6 3. d4 cxd4 4. Nxd4 e5 5. Nb5 d6 6. c4 Be6 7. N1c3 a6 8. Na3
g6 9. Bd3 Bg7 10. O-O Nf6 11. b3 O-O 12. Nc2 Qa5 13. Bb2 Qd8 14. Ne3 Nd4 15. Kh1
Nd7 16. Ncd5 f5 17. exf5 Nxf5 18. Bxf5 gxf5 19. f4 Nc5 20. Rf3 Ne4 21. Qe1 b5
22. Rd1 bxc4 23. Nxc4 Ra7 24. fxe5 dxe5 25. Nf4 Rd7 26. Rxd7 Bxd7 27. Bxe5 Re8
28. Bxg7 Bc8 29. Be5 a5 30. Rg3+ Kf8 31. Bg7+ Kf7 32. Ne5+ Rxe5 33. Bxe5 Qb6 34.
Rg7+ Kf8 35. Nd3 Qa6 36. h3 Qxd3 37. Qh4 h5 1-0

[Event "61st World Juniors 2024"]
[Site "Gandhinagar IND"]
[Date "2024.06.13"]
[Round "11.57"]
[White "Insara, S D Nadev"]
[Black "Dhairya Amit Shroff"]
[Result "1-0"]
[WhiteElo "1874"]
[BlackElo "1459"]
[WhiteFideId "29932050"]
[BlackFideId "33402094"]
[EventDate "2024.06.02"]

1. c4 e6 2. Nf3 Nf6 3. d4 d5 4. g3 Be7 5. Bg2 O-O 6. O-O dxc4 7. Ne5 Nc6 8. Bxc6
bxc6 9. Nxc6 Qe8 10. Nxe7+ Qxe7 11. b3 cxb3 12. axb3 Bb7 13. Ba3 Qd7 14. Bxf8
Qc6 15. f3 Kxf8 16. Qc1 Qd5 17. Qc5+ Qxc5 18. dxc5 Nd5 19. Rd1 Ke7 20. Kf2 Nb4
21. Nc3 a6 22. Ra4 Nd5 23. Nxd5+ Bxd5 24. Ra3 f5 25. Rda1 1-0